00822ntm a2200241 a 450000100060000000300080000600500170001400800410003103500190007204000350009104100080012608200260013410000330016024500960019326000730028930000280036250200790039050400330046960000070050265000150050965000190052470000370054375909BD-RjUL20211209082748.0190912s2015 bg a|||| bm|| 00| 0 eng d a(BD-RjUL)76128 aBD-RjULbengcBD-RjULdBD-RjUL aeng a514.322223bTAO 20151 aTalukder, Md. Abdul Mottalib10aOn Fuzzy Compactness /cby Md. Abdul Mottalib Talukder ;6Supervisor: Md. Sahadat Hossain aRajshahi :bDepartment of Mathematics, University of Rajshahi,c2015 ax, 195 leaves ;c29 cm. aThesis (Ph. D.) -- Department of Mathematics, University of Rajshahi, 2015 aBibliography: Leaves 181-194 d  aFuzzy Sets aFuzzy topology aHossain, Md. Sahadat, Supervisor